000 00606nam a22002052 4500
001 0000012970
005 20151217155854.0
008 090514s xx 000 0 eng d
020 _a9966951083 :
040 _aKABU
_cKABU
100 1 _aHouse, Catherine.
_@0000159463
245 1 0 _aNelson Mandela :
_bfighter for humanity /
_cCatherine House.
250 _a1st ed.
260 _aNairobi :
_bSasa Sema,
_c2002.
300 _axiii, 122 p.
600 1 0 _aMandela, Nelson,
_d1918-.
_@0000148598
852 1 _9p270 KES
908 _a090514
950 _@1
999 _c13563
_d13563